1040 1825 1518 1023 1935 1444 1809 1515 1943 1510 1179 1802 1027 1153 1340 1157 1588 1377 1221 1436 1783 1567 1295 1868 1155 1702 1921 1536 1100 1946 1575 1821 1085 1269 1599 1461 1584 1974 1110 1116 1218 1601 1321 1087 1827 1862 1136 1565 1882 1529 1538 1863 1018 1000 1678 1394 1934 1035 1131 1676 1155 1360 1221 1514 1758 1583 1032 1417 1282 1179 1534 1856 1567 1723 1012 1657 1937 1460 1943 1260 1017 1996 1288 1101 1832 1530 1854 1834 1277 1119 1957 1458 1794 1051 1893 1436 1154 1961 1846 BCNSPRNW ULIB Ver.6.0+V

เปลี่ยนเป็นภาษาไทย

Change to English
 แสดงรายละเอียดบรรณานุกรม
  กลับหน้าหลัก

Brief Record : Get Marc (ISO 2709) : E-mail record : QR code < ปิดหน้าต่าง
LEADER : 00000nam 2200000uu 4500
001    13399107864
003     ULIB
008    110208s2542||||th 000 0 tha d
020    9746057723
060 04 WY161^bช317ต 2542
245 00 ตำราการพยาบาลผู้ป่วยผู้ใหญ่ 2 [ทางศัลยศาสตร์] /^cบรรณาธิการ, ช่อลดา พันธุเสนา
250    พิมพ์ครั้งที่ 2
260    สงขลา :^bภาควิชาการพยาบาลศัลยศาสตร์ คณะพยาบาลศาสตร์มหาวิทยาลัยสงขลานครินทร์,^c2542
300    จ, 237 หน้า :^bภาพประกอบ
500    ตำรานี้ได้รับการสนับสนุนในโครงการเงินยืมเพื่อผลิตตำราคณะพยาบาลศาสตร์ มหาวิทยาลัยสงขลานครินทร์
504    บรรณานุกรมและดัชนี
650  7 การพยาบาลศัลยศาสตร์^xตำราทางการพยาบาล
700 0  ช่อลดา พันธุเสนา,^eบรรณาธิการ
945    ^p180^l0^i011406
945    ^p180^l0^i011404
945    ^p180^l0^i011403
945    ^p180^l0^i011402
945    ^p180^l0^i011401
945    ^p180^l0^i011399
945    ^p180^l0^i011398
945    ^p180^l0^i011397
945    ^p180^l0^i011405
945    ^p180^l0^i011400
995    ทศพร
999 ^a ใช้งานได้ทุกระบบ
รายการนี้ยังไม่มีแท็ก
คุณยังไม่ได้ล็อกอิน คุณสามารถมีกิจกรรมร่วมกับเว็บไซต์ได้ แต่ต้องล็อกอินก่อน ::
  ล็อกอิน

รายการสื่อสารสนเทศ

ลำดับที่ ประเภท เลขเรียก/บาร์โค้ด สถานที่ สถานะ
- ไม่พบข้อมูล -

BibComment


ยังไม่เคยถูกคอมเมนท์

คอมเมนท์ทรัพยากรรายการนี้
  คอมเมนท์: ตำราการพยาบาลผู้ป..


 Copyright 2026. Bcnsprnw @Library